| 000 | 01352nam0a22002651 4500 | ||
|---|---|---|---|
| 001 | rc\1079208 | ||
| 005 | 20250622140102.0 | ||
| 035 | _a(NLR Aleph) 006327712 | ||
| 090 |
_a7512397 _c7512397 |
||
| 100 | _a20041126d1984 |||y0rusy50 ca | ||
| 101 | 0 | _arus | |
| 102 | _aRU | ||
| 105 | _ay ||||||||| | ||
| 200 | 1 |
_aСистемы обработки почвы в условиях интенсивного земледелия _eСб. науч. тр. _e[Материалы совещ., 7-9 дек. 1982 г., Безенчук _fРедкол.: Н.А. Полев (отв. ред.) и др.] |
|
| 210 |
_aМ. _cпос. Косино (Моск. обл.) _d1984 |
||
| 215 |
_a175 с. _d20 |
||
| 300 | _aВ надзаг.: ВАСХНИЛ, Всерос. отд-ние, НИИ сел. хоз-ва Юго-Востока, Куйбышев. НИИ сел. хоз-ва им. Н.М. Тулайкова | ||
| 320 | _aБиблиогр. в конце докл. | ||
| 702 | 1 |
_aПолев _bН.А. _gНиколай Андреевич _4340 |
|
| 712 | 1 | 2 |
_aВсероссийское науч.-произв. совещ. по проблемам обработки почвы в условиях интенсивного земледелия _f1982 _eБезенчук |
| 801 | 0 |
_aRU _bNLR _gpsbo |
|
| 801 | 1 |
_aRU _bELAR _2rusmarc |
|
| 852 |
_aNLR _j85-3/2374 |
||
| 942 | _cBOOK | ||
| 980 | _aNB | ||